[Event "Linares 26th"]
[Site "Linares"]
[Date "2009.03.05"]
[Round "12"]
[White "Carlsen, Magnus"]
[Black "Grischuk, Alexander"]
[Result "1-0"]
[WhiteElo "2776"]
[BlackElo "2733"]
[Annotator "Giri,Anish"]
[PlyCount "73"]
[EventDate "2009.02.19"]
[EventType "tourn"]
[EventRounds "14"]
[EventCountry "ESP"]
[EventCategory "21"]
[SourceTitle "CBM 129"]
[Source "ChessBase"]
[SourceDate "2009.03.25"]
[SourceVersion "1"]
[SourceVersionDate "2009.03.25"]
[SourceQuality "1"]

1. e4 {Marin,Mihail} c5 2. Nf3 d6 3. d4 cxd4 4. Nxd4 Nf6 5. Nc3 a6 {The Najdorf Defence - or actually Attack. One of the most popular openings in the world.} 6. Be2 {A calm reply, which was the favourite move of, among others, Anatoly Karpov.} e6 {choosing a Scheveningen type of position. Anther popular move is e5.} 7. O-O Be7 8. a4 Nc6 9. Be3 O-O 10. f4 Qc7 11. Kh1 Re8 12. Bf3 {Now we are at a very known position, which occured in about 2000 games and was even played in the famous match Karpov-Kasparov.} Bf8 {One of main moves, the bishop goes away and Black is preparing e5 at some point.} (12... Rb8 {is another main move here. One which was played more often.}) 13. Qd2 {The standard manoeuvre: the queen goes to f2.} ({Another typical queen manoeuver beginning with} 13. Qe1 {is not dangerous now as after} Nxd4 14. Bxd4 e5 {Black gets good play.}) 13... Rb8 (13... Na5 {is other move. Black wants to activate his knight and bring it to c4.} 14. b3 {not allowing c4.} (14. Qf2 {leads to a very sharp game after} Nc4 15. Bc1 e5 16. Nde2 d5 $1) 14... Bd7 {with a complicated battle.}) ({RR} 13... Na5) 14. Qf2 ({RR} 14. Rad1 Nd7 15. Qe2 Na5 16. g4 b6 17. g5 Bb7 18. Bg2 g6 19. Qf2 Nc6 20. Nb3 Nc5 21. h4 Bg7 22. h5 Nb4 23. h6 Bf8 24. Rd4 Nxb3 25. cxb3 d5 26. exd5 exd5 27. Rxb4 Bxb4 28. Bxb6 Qc8 {Diaz Perez,M (2460)-Ortiz Suarez,I (2531) Santa Clara 2022 0-1 (46)}) ({RR} 14. Rad1) 14... e5 {The standard move, which was part of Black's plan, beginning with the move 12...f8.} (14... Na5 $2 {would be a typical blunder} 15. Nxe6 $1 Bxe6 16. Bb6 {winning back the piece, and White is a pawn up.}) 15. fxe5 $5 $146 {The novelty, which probably was prepared by Magnus.} (15. Nde2 {is the main move here.} b5 ({RR} 15... exf4 16. Bb6 Qe7 17. Nxf4 Be6 18. Rad1 g6 19. Qd2 Ne5) 16. axb5 axb5 {with an unclear position.} {RR} 17. Nd5 ({RR} 17. Ng3 b4 18. Nce2 exf4 19. Nxf4 Ne5 20. Bd4 ({RR} 20. Nf5 Bxf5 21. exf5 Neg4) 20... g6) 17... Nxd5 18. exd5 exf4 19. Bxf4 Ne5) ({RR} 15. Nde2 exf4 16. Bb6 Qe7 17. Nxf4 Be6 18. Rad1 g6 19. Qd2 Ne5 20. Be2 Rbc8 21. Bf2 h6 22. h3 Rc6 23. Bh4 g5 24. Nxe6 Qxe6 25. Bg3 Nc4 26. Qd4 Bg7 27. Bxc4 Rxc4 28. Qxd6 Qxd6 {½-½ (28) Adams,M (2741)-Anand,V (2786) Linares 2005}) ({RR} 15. Nde2 b5 16. axb5 axb5 17. f5 Nb4 ({RR} 17... Bd7 18. Nd5 Nxd5 19. exd5) 18. Ng3 {½-½ (18) Grischuk,A (2717)-Rublevsky,S (2680) Elista 2007 CBM 119 [Marin,Mihail]} ({RR} 18. Bg5 Nxc2 19. Bxf6 Nxa1 20. Nd5) {RR} 18... Nxc2 ({RR} 18... Bd7 19. Nh5 Nxh5 20. Bxh5) 19. Qxc2 b4) 15... dxe5 (15... Nxe5 {was of course an alternative.} 16. Bg5 (16. Be2 {allows} Neg4 17. Bxg4 Nxg4 18. Qf4 Nxe3 19. Qxe3 Qc5 {and with two bishops Black will not have any problems I think.}) 16... Nfg4 17. Qg1 Nxf3 $5 {is tricky, but good I think.} (17... Be6 18. Be2 {keeping the bishop. And the deeper I analyzed this position, the more I liked it. I think White is better here.}) 18. gxf3 Qc5 $1 {attacking the guy on g5.} 19. Nd5 Re5 20. Bd2 Rxd5 21. exd5 Ne5 {with some compensation for an exchange. The position is totally unclear.}) 16. Nb3 Nb4 $146 {The standard move in these positions. But it might not be the best.} (16... Be6 {was a great alternative. I actually prefer this move to the text.} 17. Bb6 (17. Rad1 Nb4 18. Bb6 Qc8 {now we see the point of ...e6! Black is totally fine.}) 17... Qc8 18. Nd5 (18. a5 $5) 18... Bxd5 19. exd5 Nb4 20. c3 e4 21. cxb4 exf3 22. Qxf3 Qd7 23. Bd4 Qxd5 24. Bxf6 Qxf3 25. Rxf3 gxf6 {with equality. The line was of course not forced.}) ({RR} 16... Be6 17. Bb6 Qc8 18. a5 Bxb3 19. cxb3 Nd4 20. Bxd4 exd4 21. Qxd4 Qe6 22. Nd5 Nxd5 23. exd5 Qh6 24. g3 Bd6 25. Qf2 Qe3 26. Bg4 Qxf2 27. Rxf2 Re4 28. Ra4 Re3 29. Rf3 Re1+ 30. Kg2 Rb1 31. Rf2 {Hou,Y (2584)-Van Wely,L (2655) Amsterdam 2009 ½-½ (47)}) ({RR} 16... Be6 17. Bb6 Qc8 18. Rac1 Nb4 {½-½ (18) Smeets,J (2632)-Van Wely,L (2655) Amsterdam 2009}) 17. Ba7 {It is useful to force the rook back to a8 before playing b6.} Ra8 18. Bb6 Qe7 (18... Qc6 {is not satisfactory either.} 19. Na5 Qe6 20. Rad1 {and White keeps a clear advantage. The bishop on c8 is probably wanting to go back to move 16... and play 16...e6!.}) 19. Rad1 {Good move: White develops his rook. Always useful!} Be6 {The first really inaccurate move.} (19... Bg4 $1 {A very strong move, which probably keeps equality.} 20. Bxg4 (20. Bc5 Qc7 21. Bxf8 Kxf8 $1 {and Black is fine.}) 20... Nxg4 21. Qe2 (21. Qg3 Nf6 22. Bc5 Qe6 23. Bxf8 Kxf8 $1 {and Black has no problems.}) 21... Nf6 22. a5 {with an unclear game, but in my opinion Black is not worse.}) 20. Nd5 {Yes! Creating a dangerous passed pawn, which will be really dangerous with the support of the nice bishop on b6.} Bxd5 21. exd5 e4 22. d6 Qe6 $6 {The idea of Grischuk was to exchange queens. He will succeed, but the resulting endgame is very bad for him.} (22... Qe5 {was stronger.} 23. d7 Nxd7 24. Rxd7 exf3 25. Qxf3 f6 26. Nd4 Qe4 27. Rxb7 Rac8 28. c3 (28. Qxe4 Rxe4 29. g3 Nxc2 30. Rc1 Re1+ 31. Rxe1 Nxe1 32. Ra7 Nd3 33. Rxa6 Nxb2 34. a5 Nc4 35. Kg2 Re8 {and even though White's pawn looks dangerous, Black probably can hold.}) 28... Nd3 29. Ba7 Qxf3 30. gxf3 g6 31. Kg1 {and White is a pawn up, but Black still has some chances, as White's pieces are not so well coordinated.}) 23. Nc5 Qf5 24. Be2 Qxf2 25. Rxf2 Nbd5 (25... Nfd5 {was bad} 26. d7 Reb8 27. Nxb7 $1 Rxb7 28. d8=Q Rxd8 29. Bxd8 Ne3 30. Rd4 {and White is just an exchange up.}) 26. a5 {This very natural and strong looking move was a bit inaccurate.} (26. Rxf6 $1 {was the right move} Nxf6 (26... Nxb6 {and now, just} 27. Rff1 {and Black is hopeless.}) 27. a5 Rec8 28. b4 $1 {just pushing it, with a big advantage for White.} Rc6 {The only move to force White to play d7.} 29. d7 Nxd7 30. Rxd7 {and White is almost winning. If not winning.}) 26... Nxb6 27. axb6 Rab8 $2 {Mistake.} (27... Rec8 $1 {was very strong and could give Black some chances.} 28. b4 $1 (28. Nxb7 Rxc2 29. g3 {the only move, otherwise e3 comes.} Nd7 30. b4 Rb2 31. Nc5 Nxb6 32. Nxe4 Rxb4 {and Black is at least OK.}) 28... Rc6 29. Nxb7 Rxb6 30. d7 Rxb7 31. d8=Q Rxd8 32. Rxd8 Rxb4 33. Kg1 {and White is better, for example:} e3 (33... Rb6 34. Rc8 $1 g6 35. Bc4 {with pressure on f7.}) 34. Rf5 Rb1+ 35. Rf1 Rb2 36. Bd3 {and e1-e3 to follow, with advantage for White.}) 28. Rxf6 $1 {Not difficult, but nice.} gxf6 29. Nd7 {The point is the fork: f6 and b8 are hanging.} f5 30. c4 {White is simply improving his position. Black cannot save himself anymore.} a5 (30... Bg7 {does not help.} 31. Nxb8 Rxb8 32. c5 Bf6 33. Bxa6 {and White wins, just like in the game.}) 31. c5 Bg7 32. Nxb8 Rxb8 33. Ba6 $3 {A brilliant move, which wins on the spot!} Bf6 34. Bxb7 Rxb7 35. c6 Rxb6 36. Rc1 Bxb2 37. d7 1-0

[Event "Linares 26th"]
[Site "Linares"]
[Date "2009.03.06"]
[Round "13"]
[White "Carlsen, Magnus"]
[Black "Radjabov, Teimour"]
[Result "1/2-1/2"]
[WhiteElo "2776"]
[BlackElo "2761"]
[Annotator "ChessBase II"]
[PlyCount "106"]
[EventDate "2009.02.19"]
[EventType "tourn"]
[EventRounds "14"]
[EventCountry "ESP"]
[EventCategory "21"]
[SourceTitle "CBM 129"]
[Source "ChessBase"]
[SourceDate "2009.03.25"]
[SourceVersion "1"]
[SourceVersionDate "2009.03.25"]
[SourceQuality "1"]

1. e4 c5 2. Nf3 Nc6 3. Bb5 e6 4. O-O Nge7 5. c3 a6 6. Ba4 b5 7. Bc2 Bb7 8. Qe2 Ng6 9. d4 cxd4 10. cxd4 Rc8 11. a3 Be7 12. Nc3 O-O 13. Rd1 Na5 14. g3 Nc4 15. h4 Nxa3 16. bxa3 $146 ({RR} 16. Bd3 Re8 17. Ng5 Nf8 18. e5 Nc4 19. Nce4 f6 20. exf6 gxf6 21. Qh5 fxg5 22. Nxg5 Bxg5 23. Bxg5 Re7 24. Bf6 Nxb2 25. Bxh7+ Nxh7 26. Qg6+ Kf8 27. Qh6+ Ke8 28. Qg6+ Rf7 29. Qg8+ Nf8 30. Bxd8 Nxd1 {Videnova,I (2264)-Dimitrov,R (2453) Plovdiv 2014 0-1 (38)}) 16... Rxc3 17. h5 Qc7 18. Bd3 Nh8 19. Bb2 Rb3 20. Rac1 Qa5 21. d5 Bxa3 22. Bxa3 Rxa3 23. Qe3 f5 24. exf5 Bxd5 25. Ne5 Qd8 26. fxe6 dxe6 27. Bxh7+ Kxh7 28. Qxa3 Rf5 29. Qd3 Kg8 30. Qe2 Nf7 31. Ng6 Kh7 32. Nf4 Ng5 33. Qg4 Qa8 34. Nxd5 Rxd5 35. f4 Rxd1+ 36. Qxd1 Ne4 37. Qd3 Qd5 38. Qxd5 exd5 39. Kg2 a5 40. g4 b4 41. Rc8 b3 42. g5 g6 43. h6 Nd6 44. Rb8 a4 45. Rb4 d4 46. Rxa4 d3 47. Kf3 $2 (47. Kf1 Nb5 48. Rb4 Nc3 49. Ke1 $18) 47... Nb5 $1 48. Rb4 (48. Ke3 b2 49. Rb4 Nc3 $11 50. Kxd3 (50. Rxb2 Nd1+ 51. Kxd3 Nxb2+ $11) 50... b1=Q+ 51. Rxb1 Nxb1 $11) 48... Nc3 {The threat 49...d2 must be addressed immediately.} 49. Rb7+ Kg8 50. Rb8+ Kh7 51. Ke3 b2 52. Rb7+ Kg8 53. Rb8+ Kh7 1/2-1/2

[Event "Sofia MTel Masters 5th"]
[Site "Sofia"]
[Date "2009.05.14"]
[Round "2"]
[White "Dominguez Perez, Leinier"]
[Black "Carlsen, Magnus"]
[Result "1/2-1/2"]
[WhiteElo "2717"]
[BlackElo "2770"]
[PlyCount "60"]
[EventDate "2009.05.13"]
[EventType "tourn"]
[EventRounds "10"]
[EventCountry "BUL"]
[EventCategory "21"]
[SourceTitle "CBM 131"]
[Source "ChessBase"]
[SourceDate "2009.07.15"]
[SourceVersion "1"]
[SourceVersionDate "2009.07.15"]
[SourceQuality "1"]

1. e4 c5 2. Nf3 d6 3. d4 cxd4 4. Nxd4 Nf6 5. Nc3 a6 6. h3 g6 7. g4 Bg7 8. Bg2 O-O 9. Be3 Nc6 10. Qd2 Bd7 11. O-O-O ({RR} 11. O-O Rc8 12. Rad1 b5 13. Bh6 Nxd4 14. Bxg7 Kxg7 15. Qxd4 Rc4 16. Qd3 Qc7 17. Rd2 b4 18. Nd5 Nxd5 19. exd5 Bb5 20. Qb3 a5 21. Rc1 Rc5 22. Qe3 f5 23. gxf5 Rxf5 24. Be4 Re5 25. f4 Rh5 {Coe,W (2078)-Savicevs,A (2224) chess.com INT 2025 ½-½ (59)}) 11... b5 12. f4 Rc8 13. e5 b4 $146 ({RR} 13... Ne8 14. Rhe1 Na5 15. b3 e6 16. Ne4 dxe5 17. Nxe6 fxe6 18. Qxd7 Qxd7 19. Rxd7 exf4 20. Bc5 Bc3 21. Bxf8 Bxe1 22. Bh6 Nc6 23. Bxf4 Nb4 24. Kd1 Nxc2 25. g5 Bh4 26. Bf3 e5 27. Bxe5 Ne3+ 28. Ke2 {Hracek,Z (2594)-Jurcik,M (2329) Czech Republic 2017 1-0}) 14. Nce2 Nxd4 15. Bxd4 dxe5 16. fxe5 Qa5 17. a3 Nd5 18. e6 fxe6 19. Bxg7 Kxg7 20. Bxd5 exd5 21. Qd4+ Kg8 22. axb4 Qa2 23. Nc3 Qa1+ 24. Kd2 Qxb2 25. Rhf1 Rxf1 26. Rxf1 e6 27. Rb1 Qa3 28. Rb3 Qa1 29. Rb1 Qa3 30. Rb3 Qa1 1/2-1/2

[Event "Sofia MTel Masters 5th"]
[Site "Sofia"]
[Date "2009.05.21"]
[Round "8"]
[White "Ivanchuk, Vassily"]
[Black "Carlsen, Magnus"]
[Result "1/2-1/2"]
[WhiteElo "2746"]
[BlackElo "2770"]
[Annotator "Kritz,Leonid"]
[PlyCount "81"]
[EventDate "2009.05.13"]
[EventType "tourn"]
[EventRounds "10"]
[EventCountry "BUL"]
[EventCategory "21"]
[SourceTitle "CBM 131"]
[Source "ChessBase"]
[SourceDate "2009.07.15"]
[SourceVersion "1"]
[SourceVersionDate "2009.07.15"]
[SourceQuality "1"]

1. e4 c5 2. Nf3 Nc6 3. Nc3 {Der Grund, warum Weiß nicht 3.d4 spielt, ist, dass er mit dieser Zugfolge die Sweschnikow-Variante vermeidet.} ({Nach} 3. d4 {kann Weiß Sweschnikow nicht mehr ausweichen.} cxd4 4. Nxd4 Nf6 5. Nc3 e5 6. Ndb5 d6 $132 {mit 30-Züge langer Theorie.}) ({Eine vernünftige Alternative ist} 3. Bb5 $5 g6 4. Bxc6 dxc6 5. d3 Bg7 6. h3 {und Weiß bekommt eine Stellung, die er relativ risikofrei spielen kann.}) 3... g6 {Die Drachen-Variante wurde in letzter Zeit zur Spezialität von Magnus Carlsen.} 4. d4 cxd4 5. Nxd4 Bg7 6. Be3 Nf6 7. Bc4 ({Nach} 7. Nxc6 bxc6 (7... dxc6 8. Qxd8+ Kxd8 9. Bc4 Ke8 10. f3 $14) 8. e5 {muss Schwarz den Bauer opfern:} Nd5 $1 (8... Ng8 9. Bd4 f6 10. f4 Qa5 11. Qe2 $14 {Volokitin - Tiviakov (Copenhagen, 2002)}) 9. Nxd5 cxd5 10. Qxd5 Rb8 11. Bc4 O-O 12. O-O-O Qc7 $44 {und Schwarz hatte gute Kompensation in Firman - Efimenko (Lvov, 2001)}) 7... O-O 8. Bb3 d6 {Wohl der beste Zug. Die Alternativen sind nicht so gut.} ({Ein bekannter Fehler ist} 8... Na5 $2 {Nach} 9. e5 Ne8 10. Bxf7+ $3 Kxf7 (10... Rxf7 11. Ne6 $18) 11. Ne6 $1 $18 {gewinnt Weiß die Dame oder setzt den gegnerischen König Matt (im Fall von 11....xe6)}) ({Nicht gut für Schwarz ist auch die Variante} 8... a5 $6 9. O-O a4 10. Nxa4 Nxe4 11. Nb5 Ra6 12. c4 d6 13. Qe2 $14 {Weiß kontrolliert alle wichtigen Felder im Zentrum, dazu ist der Damenflügel von Schwarz sehr kompromittiert.}) ({Kaum zu empfehlen ist} 8... Ng4 $6 9. Qxg4 Nxd4 10. Qd1 Nxb3 11. axb3 {, denn obwohl Schwarz den weißen Läufer vernichtet, hat er zu viele Schwächen im eigenen Lager - der König ist anfällig, der Bauer a7 hängt, das Feld d5 und die d-Linie stehen den weißen Figuren zur Verfügung.} b6 12. Qd2 Bb7 13. Bh6 $14 {Bologan - Wirthensohn (Bern, 1998)}) 9. f3 {Weiß muss sich gegen die Drohung 9....g4 verteidigen.} Bd7 10. Qd2 Nxd4 {Schwarz will nicht warten bis Weiß lang rochiert und beginnt aktives Spiel am Damenflügel. Dies hat seine Vor- und Nachteile. Der Hauptvorteil ist, dass Weiß nicht mehr lang rochieren kann. Der Hauptnachteil ist, dass im Fall weißer kurzer Rochade die schwarzen Bauern am Damenflügel anfällig werden können.} (10... Rc8 11. O-O-O {führt zur Hauptstellung der normalen Drachen-Variante.}) (10... Qa5 11. O-O-O Rfc8 12. Kb1 Ne5 {geht in die Drachen-Variante über.}) ({Auch nach} 10... Ne5 11. O-O-O {entsteht die Hauptvariante im Drachen.}) 11. Bxd4 b5 12. h4 ({Wenig verspricht die sofortige Aktion am Damenflügel} 12. a4 bxa4 (12... a6 $2 {sieht sehr künstlich aus.} 13. O-O Bc6 14. axb5 axb5 15. Na2 Bb7 16. Nb4 $16 {Kramnik - Van Wely (Wijk aan Zee, 2004) Der Bauer auf b5 ist sehr schwach.}) ({Dagegen verdient Betrachtung} 12... b4 $5 13. Nd5 Nxd5 14. Bxg7 Kxg7 15. exd5 Qa5 16. Qd4+ Kg8 17. O-O Rac8 18. Rfe1 Rfe8 19. Kh1 Qc5 20. Qh4 e5 $132 {Mamedov - Guseinov (Kocaeli, 2008)}) 13. Nxa4 (13. Bxa4 Bxa4 14. Rxa4 Qb8 15. O-O {½-½ Nijboer - Tiviakov (Hilversum, 2007)}) 13... Be6 $1 14. Bxe6 fxe6 15. O-O Qc7 16. Nc3 Rfc8 $132 {und Schwarz hatte keine Sorgen in Vallejo Pons - Anand (Leon, 2008)}) (12. O-O $5 {Die kurze Rochade bietet sich an.} b4 $1 {Nur so! Schwarz muss in diesem Moment sehr aufpassen und nicht auf das logisch aussehende 12...a5 verfallen.} (12... a5 $6 13. a4 b4 14. Nd5 Nxd5 15. exd5 Bxd4+ 16. Qxd4 Re8 17. Rfe1 $14 {Weiß steht klar besser, weil Schwarz noch nicht mal ansatzweise etwas Gegenspiel hat.}) 13. Nd5 Nxd5 14. exd5 Bxd4+ 15. Qxd4 a5 $1 {Jetzt kann Weiß nicht mehr so gut a4 spielen, daher bekommt Schwarz gutes Gegenspiel am Damenflügel.} 16. Rfe1 (16. a4 $6 bxa3 17. Rxa3 a4 18. Bxa4 (18. Bc4 Qc7 $132) 18... Bxa4 19. Rxa4 Rxa4 20. Qxa4 Qb6+ 21. Kh1 Qxb2 $15) 16... Re8 (16... a4 17. Bc4 Re8 18. Re3 Rc8 19. Rae1 Qc7 20. b3 $14) 17. h4 Qc7 18. h5 Rac8 19. h6 Qc5 $11 {Sutovsky - Van Wely (Polanica Zdroj, 1999)}) 12... a5 13. a4 ({Verrückte Komplikationen fangen an nach} 13. h5 a4 14. Bd5 e5 $132 {Bologan - Maze (Evry, 2008)}) 13... bxa4 (13... b4 14. Nd5 Nxd5 15. exd5 Bxd4 16. Qxd4 {Im Vergleich zu der Variante 12.0-0!? steht hier der weiße König immer noch im Zentrum und das gibt Schwarz Gegenchancen. Trotzdem ist die weiße Stellung etwas angenehmer zu spielen.} e5 $1 17. dxe6 Bxe6 18. O-O-O $5 (18. Bxe6 Re8 19. O-O-O Rxe6 $132) 18... Bxb3 19. cxb3 Re8 20. Kb1 Re2 21. h5 $36 {Berg - Smerdon (Liverpool, 2007)}) 14. Bxa4 {Bis jetzt wurde fast ausschließlich 14.xa4 gespielt.} (14. Nxa4 Be6 15. Nb6 ({Nichts bringt} 15. Bxe6 fxe6 16. b3 Qc7 17. Qc3 Qb7 $132 {Berg - Macieja (Oslo, 2009)}) 15... Ra6 16. Nd5 Bxd5 17. exd5 {denn Schwarz bekommt schnell das Gegenspiel am Damenflügel:} Qc7 18. Ra4 Rb8 19. h5 (19. Kf2 h5 20. Re1 Ne8 21. Bxg7 Kxg7 22. Rae4 a4 23. Qd4+ Nf6 24. Rxe7 Qb6 25. Qxb6 Raxb6 26. Bxa4 Rxb2 27. Kg3 Nxd5 $11 {Motylev - Kudrin (Minneapolis, 2005)}) 19... Nxh5 20. Bxg7 Kxg7 21. g4 Nf6 22. Qh6+ Kg8 23. Rf4 Qc5 24. Rxf6 exf6 25. Kd1 (25. Qxh7+ Kf8 26. Qh8+ Ke7 27. Qxb8 Qe3+ 28. Kf1 Qxf3+ 29. Kg1 Qg3+ 30. Kf1 Qf3+ $11) 25... Rxb3 26. cxb3 Qxd5+ 27. Kc2 Rc6+ 28. Kb1 Qd3+ 29. Ka2 g5 $15 {Shirov - Ivanchuk (Wijk aan Zee, 1999)}) 14... h5 $5 $146 {Schwarz verhindert alle möglichen Angriffsversuche von Weiß. Das kostet ihn jedoch einen Zug Zeit, was Weiß vielleicht ausnutzen kann, um seine Initiative zu entwickeln.} (14... Bxa4 15. Rxa4 Qd7 16. O-O Qb7 17. Rfa1 Rfd8 18. b3 e5 19. Be3 d5 $132 {Jenni - Wirthensohn (Pontresina, 2000)}) ({RR} 14... Rb8 15. Bb3 Rb4 16. Be3 Be6 17. Bxe6 fxe6 18. Bh6 Bxh6 19. Qxh6 Rxb2 20. h5 g5 21. Qxg5+ Kh8 22. Qd2 Qc7 23. e5 dxe5 24. O-O Rd8 25. Qe1 Rxc2 26. Nb5 Qc5+ 27. Kh2 Qxb5 28. Rxa5 Qc4 29. Rxe5 {Horak,M (2324)-Garcia,J (2304) chess.com INT 2025 ½-½ (55)}) 15. O-O $146 ({RR} 15. Nd5 Nxd5 16. exd5 Bxd4 17. Qxd4 Bxa4 18. Rxa4 Qc7 19. Rc4 Qa7 20. Qxa7 Rxa7 21. Kd2 a4 22. Ra1 Rb8 23. Kc1 Rab7 24. Ra2 Rb4 25. Rxa4 Rxb2 26. Rc8+ Rxc8 27. Kxb2 Rb8+ 28. Kc1 f5 29. c3 Rb5 {Stukopin,A (2500)-Bukavshin,I (2522) Loo 2013 ½-½ (35)}) ({RR} 15. Bb3 Bc6 16. O-O Qb8 17. Bc4 a4 18. b3 Rc8 19. Rae1 a3 20. f4 Ng4 21. Rd1 e6 22. Bxg7 Kxg7 23. Kh1 Kg8 24. Be2 Nf6 25. f5 Nxe4 26. Nxe4 Bxe4 27. fxe6 fxe6 28. Rf6 a2 29. Bd3 a1=Q {Fedoseev,V (2683)-Mamedov,R (2650) Hengshui 2019 0-1 (31)}) 15... Rb8 16. Bxd7 (16. Bb3 Qc7 17. Nd5 $2 Nxd5 18. Bxg7 Kxg7 19. exd5 Qc5+ 20. Rf2 a4 21. Bxa4 Bxa4 22. Rxa4 Rxb2 $17) 16... Nxd7 (16... Qxd7 {gleicht wohl auch aus.} 17. b3 Qc7 (17... Rfc8 18. Rxa5 e5 19. Ba7 Qc7 20. Nd5 Nxd5 21. Qxd5 $14) 18. Ra4 Rfc8 19. Rc4 Qd8 20. Rxc8 Rxc8 $11 {Mit nur einem Turm kann Weiß keinen starken Druck gegen den Bauern a5 entwickeln.}) 17. b3 Bxd4+ 18. Qxd4 Qb6 {Üblicherweise ist der Damentausch erwünscht für Weiß, aber in dieser Stellung schafft es Schwarz sehr schnell, seinen schwachen Bauern a5 abzutauschen und er kann versuchen, auf Konter zu spielen.} 19. Qxb6 (19. Qf2 $1 {Das sieht sehr komisch aus, wäre aber die beste Fortsetzung gewesen. Durch das Nehmen auf b6 bringt Weiß den schwarzen Springer dorthin, wo er den Vormarsch a4 unterstützen kann.} Qxf2+ 20. Rxf2 (20. Kxf2 $4 Rfc8 $19) 20... Ra8 21. Nd5 e6 22. Ne3 $14 {Schwarz hat nun eine weitere Schwäche auf d6. Weiß hat einen kleinen Vorteil.}) 19... Nxb6 20. Nd1 (20. Ne2 Rfc8 21. c4 Nd7 (21... a4 22. bxa4 Nxc4 23. a5 $14 {Der Bauer kann bei Gelegenheit gefährlich werden.}) 22. Rxa5 Rxb3 23. Ra7 Ne5 24. Rxe7 Rxc4 $11) 20... Rfc8 21. Ne3 Ra8 $1 {Schwarz bereitet den Zug 22....a4 vor, wonach seine einzige Schwäche - der Bauer a5 - abgetauscht wird.} 22. Ra2 a4 23. Rfa1 axb3 24. Rxa8 Nxa8 $1 {Sehr richtige Entscheidung - ein Paar Türme sollte Schwarz auf dem Brett lassen, um die Möglichkeit zu haben, den Bauern b3 anzugreifen. Das Springerendspiel dagegen ist eher zum weißen Vorteil.} (24... Rxa8 $6 25. Rxa8+ Nxa8 26. cxb3 e6 27. Kf2 Kf8 28. Ke2 Ke7 29. Kd3 Kd7 30. g4 $1 $14 {gh-g2-f4}) 25. cxb3 Nb6 26. Ra7 Rc3 ({Zum selben Ergebnis führt} 26... Kf8 27. Rb7 Rc3 28. Kf2 Rxb3 29. Nc4 Rxf3+ 30. gxf3 Nxc4 $11) 27. Kf2 e6 {Der sicherste Weg, in ein remisliches Endspiel zu gelangen.} (27... Rxb3 28. Rxe7 Rb2+ 29. Kf1 Rb1+ 30. Ke2 Rb2+ 31. Kd3 $14 {Weiß behält kleine Chancen dank der besseren Position seiner Figuren, aber bei richtigem Spiel muss Schwarz Remis machen können.}) 28. Rb7 (28. b4 Rb3 $15) 28... Rxb3 29. Nc4 Rxf3+ 30. gxf3 Nxc4 31. Rb4 d5 32. exd5 exd5 33. Rb8+ Kg7 34. Rd8 Kf6 35. Rxd5 Ke6 36. Rb5 Nd6 $11 {Weiß hat keine Chancen auf Gewinn.} 37. Ra5 Nf5 38. Ra6+ Ke5 39. Ra5+ Ke6 40. Ra6+ Ke5 41. Ra5+ 1/2-1/2